[Event "Mittelrhein Regionalliga 1718"]
[Site "Nordrheinwestfalen"]
[Date "2018.04.15"]
[Round "8.8"]
[White "Schaefer, Timo"]
[Black "Stockert, Laurids"]
[Result "1-0"]
[WhiteElo "1849"]
[BlackElo "2038"]
[PlyCount "49"]
[EventDate "2017.09.10"]
[EventType "team-tourn"]
[EventRounds "9"]
[EventCountry "GER"]
[SourceTitle "EXT 2022"]
[Source "ChessBase"]
[SourceDate "2021.10.06"]
[SourceVersion "1"]
[SourceVersionDate "2021.10.06"]
[SourceQuality "1"]
[WhiteTeam "Godesberg II"]
[BlackTeam "Aachen SV II"]
[WhiteTeamCountry "GER"]
[BlackTeamCountry "GER"]

1. d4 d5 2. c4 c6 3. Nf3 Nf6 4. Nc3 e6 5. e3 Nbd7 6. Bd3 dxc4 7. Bxc4 b5 8. Bd3 Bb7 9. a3 Bd6 10. b4 a5 11. bxa5 Qxa5 12. Bd2 Qd8 13. Qb3 Qe7 14. 0-0 e5 15. e4 exd4 16. Nxd4 Nc5 17. Qc2 g6 18. e5 Bxe5 19. Rfe1 0-0-0 20. Ncxb5 cxb5 21. Bb4 Rd5 22. Nf3 Kb8 23. Qe2 Rxd3 24. Nxe5 Rd5 25. Nc6+ 1-0

[Event "Basel op"]
[Site "Basel"]
[Date "2018.01.03"]
[Round "2"]
[White "Wirz, Heinz"]
[Black "Stockert, Laurids"]
[Result "0-1"]
[WhiteElo "2103"]
[BlackElo "2009"]
[PlyCount "128"]
[EventDate "2018.01.02"]
[EventType "swiss"]
[EventRounds "9"]
[EventCountry "SUI"]
[SourceTitle "CBM 182 Extra"]
[Source "ChessBase"]
[SourceDate "2018.02.23"]
[SourceVersion "1"]
[SourceVersionDate "2018.02.23"]
[SourceQuality "1"]

1. d4 d5 2. Nf3 Nf6 3. c4 c6 4. Qc2 e6 5. Bg5 Nbd7 6. e3 Qa5+ 7. Nc3 Ne4 8. cxd5 exd5 9. Bd3 Nxg5 10. Nxg5 h6 11. Nf3 Bd6 12. 0-0 Nf6 13. Ne5 Bxe5 14. dxe5 Ng4 15. e4 d4 16. Ne2 Nxe5 17. Nxd4 Nxd3 18. Qxd3 0-0 19. Nb3 Qb6 20. Qc3 Re8 21. Rfe1 Be6 22. Nc5 Qc7 23. Re3 b6 24. Rg3 f6 25. Nxe6 Rxe6 26. Qc4 Qe5 27. Re3 Kh7 28. Rd1 Rae8 29. Qc2 Kh8 30. h3 Rd6 31. Rxd6 Qxd6 32. Rc3 c5 33. Qa4 Re7 34. Qa6 Rd7 35. Rg3 Qc7 36. Qe2 Qd6 37. Kh2 Qe5 38. Qg4 Re7 39. f3 Qe6 40. Qxe6 Rxe6 41. h4 c4 42. Rg4 Re5 43. Kg3 Kg8 44. Kf4 Rb5 45. e5 h5 46. Rg3 Rxe5 47. Rh3 Re2 48. g4 Rxb2 49. Kf5 Kf7 50. f4 Rb5+ 51. Ke4 hxg4 52. Rc3 f5+ 53. Kd4 Rc5 54. a4 a5 55. h5 Kf6 56. Rc1 c3 57. Rc2 g5 58. hxg6 Kxg6 59. Kd3 Kf6 60. Kd4 g3 61. Ke3 Ke6 62. Kf3 Kd5 63. Kxg3 Kc4 64. Kf3 Kd3 0-1

[Event "Basel op"]
[Site "Basel"]
[Date "2018.01.02"]
[Round "1"]
[White "Stockert, Laurids"]
[Black "Xheladini, Mahmut"]
[Result "0-1"]
[WhiteElo "2009"]
[BlackElo "2174"]
[PlyCount "134"]
[EventDate "2018.01.02"]
[EventType "swiss"]
[EventRounds "9"]
[EventCountry "SUI"]
[SourceTitle "CBM 182 Extra"]
[Source "ChessBase"]
[SourceDate "2018.02.23"]
[SourceVersion "1"]
[SourceVersionDate "2018.02.23"]
[SourceQuality "1"]

1. e4 c6 2. Nc3 d6 3. d4 Nd7 4. Nf3 Qa5 5. Bc4 h6 6. 0-0 e5 7. a4 Ngf6 8. Qe2 Be7 9. Bd2 Qc7 10. a5 g5 11. dxe5 dxe5 12. b4 Nf8 13. b5 Ng6 14. b6 Qd8 15. Rfd1 Nd7 16. bxa7 Rxa7 17. Na4 Qc7 18. Nb6 Nxb6 19. axb6 Qxb6 20. Be3 c5 21. Rxa7 Qxa7 22. Bb5+ Kf8 23. Bd7 Bxd7 24. Rxd7 Kg7 25. g3 Qa1+ 26. Kg2 Qa4 27. Qd3 Qc6 28. c4 b6 29. Rd5 Qe6 30. Bd2 f6 31. Ne1 Ra8 32. Nc2 Qg4 33. f3 Qc8 34. Ne3 Ra7 35. Nf5+ Kh7 36. Qb3 Qc6 37. Qe3 Nf8 38. h4 Ne6 39. hxg5 hxg5 40. Qg1 Qe8 41. Qh1+ Kg8 42. Nh6+ Kf8 43. Nf5 Qg6 44. Qh8+ Qg8 45. Qxg8+ Kxg8 46. Nxe7+ Rxe7 47. Rd6 Kf7 48. Rxb6 Ra7 49. Rb3 Ra2 50. Rd3 Rc2 51. Kh3 Rxc4 52. Rd7+ Kg6 53. Rd6 Nd4 54. f4 Rc2 55. Be3 gxf4 56. Bxd4 exd4 57. gxf4 Kf7 58. Kg4 Ke7 59. Rd5 Rc3 60. f5 d3 61. Kf3 c4 62. Ke3 Rc2 63. Rd4 Kf8 64. Rd8+ Kg7 65. Rd6 Re2+ 66. Kf3 Re1 67. Rd4 c3 0-1

[Event "Mittelrhein Verbandsliga-W 17/18"]
[Site "Nordrheinwestfalen"]
[Date "2017.09.10"]
[Round "1.1"]
[White "Burovic, Ismet"]
[Black "Stockert, Laurids"]
[Result "1-0"]
[WhiteElo "2303"]
[BlackElo "2018"]
[PlyCount "89"]
[EventDate "2017.09.10"]
[EventType "team-tourn"]
[EventRounds "11"]
[EventCountry "GER"]
[SourceTitle "EXT 2022"]
[Source "ChessBase"]
[SourceDate "2021.10.06"]
[SourceVersion "1"]
[SourceVersionDate "2021.10.06"]
[SourceQuality "1"]
[WhiteTeam "Alsdorf SVG"]
[BlackTeam "Aachen SV III"]
[WhiteTeamCountry "GER"]
[BlackTeamCountry "GER"]

1. e4 e5 2. f4 d5 3. exd5 c6 4. dxc6 Nxc6 5. d3 Nf6 6. Nf3 e4 7. dxe4 Qxd1+ 8. Kxd1 Nxe4 9. Be3 Bc5 10. Bxc5 Nxc5 11. Bb5 0-0 12. Bxc6 bxc6 13. Re1 Bg4 14. Nbd2 Ne6 15. Re4 Rfe8 16. h3 Bxf3+ 17. Nxf3 Rad8+ 18. Kc1 Nd4 19. Rxe8+ Rxe8 20. Kd2 Nxf3+ 21. gxf3 f6 22. Re1 Rd8+ 23. Ke2 Rd5 24. Rd1 Rc5 25. c3 Rh5 26. Kf2 Rb5 27. b3 Ra5 28. a4 Rc5 29. c4 a5 30. Rd7 h6 31. Rc7 Kh7 32. f5 Rxf5 33. Rxc6 Rh5 34. Rb6 Rxh3 35. Kg2 Rh4 36. Rb5 Rd4 37. Rxa5 Rd2+ 38. Kg3 g5 39. Rd5 Rb2 40. Rd3 Rb1 41. Rc3 h5 42. c5 Rd1 43. c6 Rd8 44. c7 Rc8 45. b4 1-0

[Event "Basel op"]
[Site "Basel"]
[Date "2014.01.03"]
[Round "4"]
[White "Stockert, Laurids"]
[Black "Haenggi, Markus"]
[Result "1-0"]
[WhiteElo "1973"]
[BlackElo "2062"]
[PlyCount "113"]
[EventDate "2014.01.01"]
[EventType "swiss"]
[EventRounds "7"]
[EventCountry "SUI"]
[SourceTitle "CBM 158 Extra"]
[Source "ChessBase"]
[SourceDate "2014.02.28"]
[SourceVersion "1"]
[SourceVersionDate "2014.02.28"]
[SourceQuality "1"]

1. d4 d5 2. c4 c6 3. Nc3 dxc4 4. e3 Bf5 5. Bxc4 Nf6 6. Qb3 Qb6 7. Bxf7+ Kd8 8. Nf3 Nbd7 9. 0-0 h6 10. Re1 Ne4 11. Nh4 Qxb3 12. Bxb3 Bh7 13. Nf3 g5 14. Nd2 Nd6 15. e4 e5 16. d5 c5 17. Nc4 a6 18. a4 b6 19. f3 Kc7 20. Be3 Be7 21. Nxd6 Bxd6 22. Bc4 Nf6 23. Bd3 Bg6 24. Nb1 Nxd5 25. exd5 Bxd3 26. Nc3 Rhd8 27. Bf2 b5 28. Bg3 b4 29. Ne4 Re8 30. Rac1 Bxe4 31. Rxe4 a5 32. Rce1 Re7 33. b3 Rae8 34. Kf1 Kd7 35. Ke2 Bc7 36. Kd3 Kd6 37. Kc4 Bd8 38. h4 Bc7 39. hxg5 hxg5 40. Rh1 Kd7 41. Rh6 Rg7 42. Kxc5 Rc8 43. Rc6 Rgg8 44. Bxe5 Bd8 45. Rxc8 Be7+ 46. d6 Rxc8+ 47. Kd5 Bd8 48. Rc4 Ra8 49. Rc6 Ra7 50. g3 Ra8 51. f4 gxf4 52. gxf4 Bh4 53. Rc7+ Kd8 54. f5 Ra6 55. f6 Bg5 56. f7 Rxd6+ 57. Kxd6 1-0

[Event "Baden-ch U16"]
[Site "Karlsruhe Durlach"]
[Date "2012.01.02"]
[Round "1"]
[White "Ruff, Maximilian"]
[Black "Stockert, Laurids"]
[Result "1/2-1/2"]
[WhiteElo "1940"]
[BlackElo "1530"]
[PlyCount "47"]
[EventDate "2012.01.02"]
[EventType "swiss"]
[EventRounds "7"]
[EventCountry "GER"]
[SourceTitle "EXT 2015"]
[Source "ChessBase"]
[SourceDate "2014.11.20"]
[SourceVersion "1"]
[SourceVersionDate "2014.11.20"]
[SourceQuality "1"]

1. e4 e5 2. Nf3 Nc6 3. Bc4 Nf6 4. Ng5 Bc5 5. Bxf7+ Ke7 6. Bb3 Rf8 7. d3 d6 8. 0-0 Bg4 9. Nf3 Nd4 10. Nbd2 Nh5 11. h3 Nxf3+ 12. Nxf3 Bxf3 13. gxf3 Nf4 14. Kh2 Qc8 15. Bxf4 Rxf4 16. Rg1 Qf8 17. Qe2 Rxf3 18. Rxg7+ Qxg7 19. Qxf3 Rf8 20. Qg4 Rxf2+ 21. Kh1 Qxg4 22. hxg4 h6 23. Rg1 Be3 24. Rg3 1/2-1/2

[Event "Baden-ch U16"]
[Site "Karlsruhe Durlach"]
[Date "2012.01.02"]
[Round "2"]
[White "Stockert, Laurids"]
[Black "Keller, Thorsten"]
[Result "1-0"]
[WhiteElo "1530"]
[BlackElo "1082"]
[PlyCount "55"]
[EventDate "2012.01.02"]
[EventType "swiss"]
[EventRounds "7"]
[EventCountry "GER"]
[SourceTitle "EXT 2015"]
[Source "ChessBase"]
[SourceDate "2014.11.20"]
[SourceVersion "1"]
[SourceVersionDate "2014.11.20"]
[SourceQuality "1"]

1. e4 e5 2. Nf3 Nf6 3. Bc4 d6 4. Ng5 Be6 5. Bxe6 fxe6 6. Nxe6 Qe7 7. Nxf8 Qxf8 8. Nc3 Qf7 9. 0-0 Nbd7 10. d4 h6 11. f4 0-0-0 12. Be3 Rhe8 13. fxe5 dxe5 14. d5 Qg6 15. Qd3 a6 16. a4 Ng4 17. a5 Qd6 18. h3 Nxe3 19. Qxe3 Qc5 20. Qxc5 Nxc5 21. Rf7 Rd7 22. Raf1 Rde7 23. Rxe7 Rxe7 24. Rf8+ Kd7 25. b4 Nxe4 26. Nxe4 c6 27. Nc5+ Kd6 28. Rd8+ 1-0